LEADER 00963nam a2200229 u 4500 001 000000070053 003 CaOOAMICUS 005 20070226121958.0 008 020424s1919 enk u000 u eng u 035 $a10927791 040 $aPUL(R)$bita 100 1 $aWeitbrecht Stanton, H.U.$0(OLS)http://pul/name/46593 245 14$aThe teaching of the Qur'?n :$bwith an account of its growth and a subjects index /$cby the rev. H.U. Weitbrecht Stanton. 260 $aLondon :$b[s.n.],$c1909. 300 $a136 p. ;$c22 cm 500 $aInclude indici. 630 04$aCorano$xCritica e interpretazione.$0(OLS)http://pul/subject/11006 850 $aPUL 852 $aPUL$W1$xDP2 Filosofia 1$y62$m131 D 22$j90676$nBK-PRI$b $qStampati$B90676$CPULBib$Z2$F90676 $81 941 1 $a8 996 $6245$aThe teaching of the Qur'?n :$bwith an account of its growth and a subjects index$9(OLS)http://pul/title/92422 996 $6260$aLondon :$b[s.n.]$9(OLS)http://pul/publisher/54504 LEADER 01307nam a2200265 a 4500 001 000000142932 003 CaOOAMICUS 005 20150421150547.0 008 150421s1958 fr af u000 u fre r 040 $aPUL$bita 100 1 $aDavid-Danel, Marie-Louise.$0(OLS)http://pul/name/91889 245 10$aIconographie des saints médecins Come et Damien /$cpar Marie-Luise David-Danel. 260 $aLille :$bImprimerie Morel & Corduant,$c1958. 300 $a257 p., [9] c. di tav. :$bill. ;$c23 cm 500 $aIn testa al front.: Université de Lille, Faculté des Lettres. 502 $aTesi di dotorato -- Université de Lille. Faculté des Lettres, 1957. 600 04$aCyrillus,$cs., apostolo degli Slavi,$dc. 827-869.$0(OLS)http://pul/subject/106 600 04$aMethodius,$cs., arciv. di Moravia e Pannonia,$dm. 885.$0(OLS)http://pul/subject/107 710 2 $aUniversité de Lille.$bFaculté des Lettres.$0(OLS)http://pul/name/91890 850 $aPUL 852 $aPUL$W1$xDP1 Religione 1$y20$m633 G 33$j164953$qStampati$B165226$CPULBib$Z2$F165226 $H23451 $82 941 1 $a8 996 $6245$aIconographie des saints médecins Come et Damien$9(OLS)http://pul/title/180906 996 $6260$aLille :$bImprimerie Morel & Corduant$9(OLS)http://pul/publisher/83289